[Event "Grand Prix finals-C"]
[Site "Winnipeg CAN"]
[Date "2009.11.24"]
[Round "4"]
[White "De Groot, Steven"]
[Black "Lipic, Stephen"]
[Result "1/2-1/2"]
[WhiteElo "1787"]
[BlackElo "1751"]
[PlyCount "85"]
[GameId "2160767910096243"]
[EventDate "2009.11.03"]
[EventType "tourn"]
[EventRounds "6"]
[EventCountry "CAN"]

1. c4 c6 2. e4 g6 3. d4 Bg7 4. Nc3 d6 5. Be3 h5 6. Nf3 Bg4 7. h3 Bxf3 8. Qxf3 e5 9. d5 c5 10. Bd3 Na6 11. a3 Nc7 12. O-O Qf6 13. Qe2 g5 14. h4 g4 15. Bg5 Qg6 16. f4 f6 17. f5 Qf7 18. Be3 Bh6 19. g3 Ne7 20. Qd2 Bxe3+ 21. Qxe3 Qh7 22. b4 Na6 23. Nb5 Nc8 24. bxc5 dxc5 25. Rfd1 b6 26. Bc2 Qd7 27. Ba4 Kf8 28. Nc3 Qd6 29. Bc6 Nc7 30. Bxa8 Nxa8 31. Nb5 Qd7 32. a4 a6 33. Nc3 Nd6 34. Qd3 a5 35. Nb5 Kg7 36. Nxd6 Qxd6 37. Rd2 Nc7 38. Rb2 Na6 39. Qb1 Nb4 40. Ra3 Rc8 41. Rab3 Kh7 42. Kg2 Kg7 43. Qc1 1/2-1/2

[Event "Grand Prix finals-C"]
[Site "Winnipeg CAN"]
[Date "2009.11.24"]
[Round "4"]
[White "Wasserman, Arie"]
[Black "Swift, Ryne"]
[Result "1/2-1/2"]
[WhiteElo "1688"]
[BlackElo "1802"]
[PlyCount "96"]
[GameId "2160767910096244"]
[EventDate "2009.11.03"]
[EventType "tourn"]
[EventRounds "6"]
[EventCountry "CAN"]

1. e4 e5 2. Nf3 Nc6 3. Bc4 Bc5 4. a3 d6 5. Nc3 Nf6 6. Na4 Nxe4 7. Nxc5 Nxc5 8. h3 e4 9. Nh2 d5 10. Ba2 Be6 11. b4 Nd7 12. Qh5 Nf6 13. Qg5 Rg8 14. Bb2 h6 15. Qh4 a6 16. f3 Qe7 17. O-O O-O-O 18. Rae1 g5 19. Qf2 h5 20. Bxf6 Qxf6 21. fxe4 Qxf2+ 22. Rxf2 Rgf8 23. exd5 Bxd5 24. c4 Be6 25. Nf3 Rg8 26. Ne5 Nxe5 27. Rxe5 Rd3 28. Re3 Rxe3 29. dxe3 f5 30. c5 Bxa2 31. Rxa2 Rd8 32. Kf2 Rd3 33. Ke2 Rb3 34. Rd2 c6 35. Rd3 Rxd3 36. Kxd3 Kd7 37. a4 Ke6 38. Kd4 Kf6 39. g3 h4 40. gxh4 gxh4 41. e4 f4 42. e5+ Kf5 43. e6 Kxe6 44. Ke4 a5 45. bxa5 f3 46. Kxf3 Kd5 47. Kg4 Kxc5 48. Kxh4 Kb4 1/2-1/2

[Event "Grand Prix finals-C"]
[Site "Winnipeg CAN"]
[Date "2009.12.08"]
[Round "6"]
[White "Swift, Ryne"]
[Black "De Groot, Steven"]
[Result "0-1"]
[WhiteElo "1802"]
[BlackElo "1787"]
[PlyCount "104"]
[GameId "2160767910096245"]
[EventDate "2009.11.03"]
[EventType "tourn"]
[EventRounds "6"]
[EventCountry "CAN"]

1. e4 c5 2. Nf3 e6 3. d4 cxd4 4. Nxd4 a6 5. Nc3 Qc7 6. a3 Nc6 7. Be3 Nf6 8. f3 Be7 9. Qd2 O-O 10. O-O-O d6 11. g4 b5 12. h4 Bb7 13. h5 Rfd8 14. g5 Ne8 15. g6 Nxd4 16. gxf7+ Kxf7 17. Bxd4 Nf6 18. Bg2 e5 19. Be3 d5 20. exd5 Nxd5 21. Nxd5 Rxd5 22. Qe2 Rad8 23. Rxd5 Bxd5 24. Qf2 Qc6 25. Bh3 Qc4 26. Bb6 Bg5+ 27. f4 Bxf4+ 28. Be3 Qa2 29. Bxf4 Qa1+ 30. Kd2 Bxh1+ 31. Kc3 exf4 32. Qa7+ Kg8 33. Qe7 Qd1 34. Be6+ Kh8 35. h6 Qd4+ 36. Kb3 Bd5+ 37. Bxd5 Qxd5+ 38. Kc3 Rc8+ 39. Kb4 Qc4+ 40. Ka5 Qc7+ 41. Qxc7 Rxc7 42. hxg7+ Kxg7 43. Kxa6 Rxc2 44. b4 f3 45. Kxb5 f2 46. a4 f1=Q+ 47. Kb6 Qf6+ 48. Kb5 Qc6+ 49. Ka5 Qc7+ 50. Kb5 Rc3 51. Ka6 Rc6+ 52. Kb5 Qb6# 0-1

[Event "Grand Prix finals-D"]
[Site "Winnipeg CAN"]
[Date "2009.11.03"]
[Round "1"]
[White "Gibbons, Lorne"]
[Black "Green, Leah"]
[Result "0-1"]
[WhiteElo "1288"]
[BlackElo "1304"]
[PlyCount "88"]
[GameId "2160767910096246"]
[EventDate "2009.11.03"]
[EventType "tourn"]
[EventRounds "6"]
[EventCountry "CAN"]

1. d4 d5 2. c4 e6 3. cxd5 exd5 4. Nc3 Nf6 5. a3 Nc6 6. Bf4 a6 7. h3 Bd6 8. Bd2 O-O 9. e3 Re8 10. g4 Ne4 11. Be2 Nxc3 12. Bxc3 b5 13. b4 Bd7 14. Bf3 Be6 15. Ne2 Ne7 16. Bg2 c6 17. f4 Bd7 18. O-O f6 19. Ng3 Rf8 20. Qb3 f5 21. g5 Ng6 22. Be1 Be8 23. Qd3 Qd7 24. Ne2 Nh8 25. Nc3 g6 26. Nxd5 cxd5 27. Bxd5+ Bf7 28. Bxa8 Rxa8 29. h4 Bc4 30. Qd2 Bxf1 31. Kxf1 Nf7 32. Ra2 Rc8 33. Rc2 Rxc2 34. Qxc2 Qc7 35. Qa2 Qc4+ 36. Qxc4 bxc4 37. Ke2 h6 38. Kd2 hxg5 39. hxg5 Bc7 40. Kc3 Nd6 41. d5 Bb6 42. Bd2 Ne4+ 43. Kc2 Kf7 44. a4 Ke7 0-1

[Event "Grand Prix finals-D"]
[Site "Winnipeg CAN"]
[Date "2009.11.10"]
[Round "2"]
[White "Gibbons, Lorne"]
[Black "Kumaragamage, Shashika"]
[Result "1-0"]
[WhiteElo "1288"]
[BlackElo "1361"]
[PlyCount "127"]
[GameId "2160767910096248"]
[EventDate "2009.11.03"]
[EventType "tourn"]
[EventRounds "6"]
[EventCountry "CAN"]

1. d4 d5 2. c4 e6 3. Nc3 c5 4. cxd5 cxd4 5. Qxd4 Nf6 6. e4 Nc6 7. Bb5 Qd7 8. Nf3 Nxd4 9. Bxd7+ Bxd7 10. Nxd4 Bb4 11. f3 exd5 12. e5 Ng8 13. Bd2 Bxc3 14. Bxc3 Ne7 15. g3 Rc8 16. Kf2 O-O 17. g4 Ng6 18. Rae1 Rfe8 19. Nc2 Rcd8 20. Kg3 Ba4 21. b3 Bb5 22. f4 Rc8 23. Re3 d4 24. Nxd4 Bd7 25. h4 Nf8 26. Rd1 f6 27. Nf3 Bc6 28. Ne1 Nd7 29. Nd3 Bb5 30. Bd4 b6 31. e6 Nc5 32. Bxc5 Bxd3 33. Rdxd3 Rxc5 34. f5 g6 35. Rd7 gxf5 36. Rxa7 fxg4 37. Rd7 Re5 38. Rxe5 fxe5 39. Rd6 h5 40. Rxb6 Kg7 41. a4 Kf6 42. a5 Rc8 43. a6 Rc2 44. b4 Ra2 45. b5 Ke7 46. Rb7+ Kxe6 47. a7 e4 48. Rb6+ Ke5 49. Ra6 Rb2 50. a8=Q Rb3+ 51. Kf2 Rb2+ 52. Ke3 Rb3+ 53. Kd2 e3+ 54. Ke2 Kf4 55. Qf8+ Kg3 56. Qf6 Rb2+ 57. Qxb2 Kxh4 58. Ra4 Kh3 59. Ra3 g3 60. Rxe3 h4 61. Kf1 Kg4 62. Kg2 Kf4 63. Qd4+ Kg5 64. Re4 1-0

[Event "Grand Prix finals-D"]
[Site "Winnipeg CAN"]
[Date "2009.11.17"]
[Round "3"]
[White "Kumaragamage, Shashika"]
[Black "Green, Leah"]
[Result "0-1"]
[WhiteElo "1361"]
[BlackElo "1304"]
[PlyCount "80"]
[GameId "2160767910096249"]
[EventDate "2009.11.03"]
[EventType "tourn"]
[EventRounds "6"]
[EventCountry "CAN"]

1. d4 d5 2. c4 Nf6 3. Bg5 e6 4. e3 h6 5. Bh4 Nc6 6. Nc3 Be7 7. Nf3 a6 8. Bd3 dxc4 9. Bxc4 b5 10. Bd3 Bb7 11. O-O Nd5 12. Bxe7 Ncxe7 13. Ne5 Nc6 14. Nxd5 Qxd5 15. Qc2 Nxe5 16. Be4 Qxe4 17. Qxe4 Bxe4 18. dxe5 O-O 19. Rac1 Rac8 20. f3 Bd5 21. e4 Bxa2 22. Rc6 Bc4 23. Rd1 Rfd8 24. Rxd8+ Rxd8 25. Rxa6 Rd1+ 26. Kf2 Rb1 27. f4 Rxb2+ 28. Kf3 Bf1 29. g3 Rxh2 30. Ra8+ Kh7 31. f5 exf5 32. exf5 Bg2+ 33. Kf4 Bxa8 34. g4 b4 35. g5 b3 36. e6 fxe6 37. fxe6 b2 38. e7 Re2 39. Kf5 Rxe7 40. g6+ Kg8 0-1

[Event "Grand Prix finals-D"]
[Site "Winnipeg CAN"]
[Date "2009.11.17"]
[Round "3"]
[White "Ott, Richard"]
[Black "Gibbons, Lorne"]
[Result "1-0"]
[WhiteElo "1555"]
[BlackElo "1288"]
[PlyCount "47"]
[GameId "2160767910096250"]
[EventDate "2009.11.03"]
[EventType "tourn"]
[EventRounds "6"]
[EventCountry "CAN"]

1. d4 d5 2. c4 e6 3. Nc3 Nf6 4. cxd5 Nxd5 5. e4 Nxc3 6. bxc3 c5 7. d5 a6 8. Nf3 h6 9. Qa4+ Bd7 10. Qb3 b6 11. Bf4 Bc8 12. Rd1 Qf6 13. Bxb8 Rxb8 14. Be2 Be7 15. d6 Bd8 16. e5 Qf5 17. Qa4+ Kf8 18. O-O b5 19. Qa3 Bb6 20. d7 Bb7 21. d8=Q+ Rxd8 22. Rxd8+ Bxd8 23. Qxc5+ Be7 24. Qc7 1-0

[Event "Grand Prix finals-D"]
[Site "Winnipeg CAN"]
[Date "2009.11.26"]
[Round "4"]
[White "Green, Leah"]
[Black "Gibbons, Lorne"]
[Result "0-1"]
[WhiteElo "1304"]
[BlackElo "1288"]
[PlyCount "109"]
[GameId "2160767910096251"]
[EventDate "2009.11.03"]
[EventType "tourn"]
[EventRounds "6"]
[EventCountry "CAN"]

1. e4 e5 2. Nf3 Nc6 3. Bb5 Nge7 4. Nc3 a6 5. Bc4 b5 6. Be2 d6 7. d4 exd4 8. Nxd4 Nxd4 9. Qxd4 Be6 10. Qd1 d5 11. exd5 Nxd5 12. Bf3 Nxc3 13. Qxd8+ Rxd8 14. bxc3 Bd5 15. Bxd5 Rxd5 16. O-O Bd6 17. Re1+ Re5 18. Rxe5+ Bxe5 19. Bb2 b4 20. Re1 bxc3 21. Bxc3 f6 22. Bxe5 fxe5 23. Rxe5+ Kd7 24. Kf1 Rb8 25. Ra5 Rb6 26. Ke2 g6 27. Ra3 c5 28. c4 Ke6 29. g4 Ke5 30. Re3+ Kd4 31. Re7 h6 32. Kf3 Kxc4 33. Re3 Rb2 34. Ra3 Kb5 35. h4 a5 36. h5 gxh5 37. gxh5 Kb4 38. Re3 c4 39. a3+ Ka4 40. Re4 Rb3+ 41. Ke2 Rh3 42. Rxc4+ Kxa3 43. Rc5 a4 44. f4 Kb4 45. Rd5 a3 46. Rd1 a2 47. Ra1 Kb3 48. f5 Rxh5 49. Rf1 Rxf5 50. Rxf5 a1=Q 51. Rb5+ Kc4 52. Rh5 Qb2+ 53. Kf3 Qf6+ 54. Kg4 Qg6+ 55. Kh4 0-1

[Event "Grand Prix finals-D"]
[Site "Winnipeg CAN"]
[Date "2009.12.08"]
[Round "6"]
[White "Green, Leah"]
[Black "Kumaragamage, Shashika"]
[Result "0-1"]
[WhiteElo "1304"]
[BlackElo "1361"]
[PlyCount "68"]
[GameId "2160767910096254"]
[EventDate "2009.11.03"]
[EventType "tourn"]
[EventRounds "6"]
[EventCountry "CAN"]

1. e4 c6 2. d4 d5 3. e5 e6 4. Nf3 Nd7 5. Nc3 c5 6. Bb5 cxd4 7. Qxd4 Qc7 8. Bxd7+ Bxd7 9. Qd3 Bc5 10. O-O Ne7 11. Re1 Qb6 12. Re2 d4 13. Rd2 Nc6 14. Qb5 dxc3 15. Qxb6 Bxb6 16. bxc3 Rd8 17. Ba3 Bc7 18. Rad1 Bxe5 19. Nxe5 Nxe5 20. Bd6 Nc4 21. Rd4 Nxd6 22. Rxd6 Ke7 23. Kf1 Bb5+ 24. Ke1 Rxd6 25. Rb1 Bc6 26. g3 g5 27. a3 b6 28. Ke2 Ba4 29. Rc1 Rc8 30. h4 h6 31. hxg5 hxg5 32. Rh1 Rxc3 33. Rh5 Rxc2+ 34. Kf1 Bc6 0-1

[Event "Guelph Spring Pro-Am U2000"]
[Site "Guelph CAN"]
[Date "2009.05.03"]
[Round "4"]
[White "Shah, Omar"]
[Black "Knechtel, Tim"]
[Result "1-0"]
[WhiteElo "1872"]
[BlackElo "1796"]
[PlyCount "71"]
[GameId "2160767910156959"]
[EventDate "2009.05.01"]
[EventType "swiss"]
[EventRounds "5"]
[EventCountry "CAN"]
[SourceTitle "hb 2019"]

1. e4 d6 2. d4 Nf6 3. Nc3 Nbd7 4. Be3 e5 5. h3 c6 6. Qd2 Be7 7. Nf3 Qc7 8. Be2 h6 9. O-O g5 10. Nh2 Nf8 11. h4 gxh4 12. f4 Rg8 13. fxe5 dxe5 14. d5 Bh3 15. d6 Bxd6 16. Rxf6 Rxg2+ 17. Kh1 O-O-O 18. Qe1 Rg3 19. Bf1 Qd7 20. Bxa7 Ng6 21. Bb6 Bc7 22. Bf2 Rg5 23. Rd1 Bxf1 24. Qxf1 Qe7 25. Rxd8+ Bxd8 26. Rf3 Nf4 27. Bxh4 Rg1+ 28. Qxg1 Qxh4 29. Qg4+ Kc7 30. Qxh4 Bxh4 31. Ng4 f6 32. Nxh6 b5 33. Nf5 Be1 34. b3 b4 35. Nd1 Bd2 36. Nb2 1-0

[Event "Guelph Spring Pro-Am U2000"]
[Site "Guelph CAN"]
[Date "2009.05.03"]
[Round "5"]
[White "Shah, Omar"]
[Black "Stein, Mickey"]
[Result "1/2-1/2"]
[WhiteElo "1872"]
[BlackElo "1883"]
[PlyCount "51"]
[GameId "2160767910156960"]
[EventDate "2009.05.01"]
[EventType "swiss"]
[EventRounds "5"]
[EventCountry "CAN"]
[SourceTitle "hb 2019"]

1. e4 c5 2. Nf3 Nc6 3. Nc3 g6 4. g3 Bg7 5. Bg2 d6 6. O-O e6 7. d3 Nge7 8. Bg5 h6 9. Be3 O-O 10. Qd2 Kh7 11. e5 Nxe5 12. Nxe5 Bxe5 13. Bxh6 Bg7 14. Bxg7 Kxg7 15. Ne4 Nf5 16. Qc3+ Nd4 17. Qd2 Rb8 18. c3 Nf5 19. Rfe1 b6 20. Ng5 Qf6 21. Ne4 Qe7 22. Ng5 Qf6 23. Re2 Bb7 24. Ne4 Qe7 25. Rae1 Rbe8 26. Qg5 1/2-1/2

[Event "Hamilton op"]
[Site "Hamilton CAN"]
[Date "2009.03.08"]
[Round "2"]
[White "Fortney, Brian"]
[Black "Jung, Hans"]
[Result "0-1"]
[WhiteElo "1768"]
[BlackElo "2138"]
[PlyCount "92"]
[GameId "2160767910239862"]
[EventDate "2009.03.06"]
[EventType "swiss"]
[EventRounds "5"]
[EventCountry "CAN"]

1. d3 d5 2. f4 Nc6 3. Nf3 Bg4 4. c3 Bxf3 5. exf3 d4 6. Qa4 e6 7. Be2 Bc5 8. b4 Be7 9. b5 Nb8 10. Qxd4 Qxd4 11. cxd4 Bf6 12. Bb2 Ne7 13. O-O Nf5 14. Re1 Nxd4 15. Bd1 Nc2 16. Bxf6 Nxe1 17. Be5 Nd7 18. Nd2 Nxe5 19. fxe5 Nxd3 20. Nc4 Ke7 21. Bc2 Rhd8 22. Na5 Rd5 23. Nxb7 Rb8 24. Bxd3 Rxd3 25. Nc5 Rd5 26. Rc1 Rxb5 27. Na6 Rb7 28. f4 c5 29. a4 Kd8 30. Kf2 Rb2+ 31. Kf3 Rd3+ 32. Ke4 Ra3 33. Rd1+ Kc8 34. Nxc5 Rb4+ 35. Rd4 Rxd4+ 36. Kxd4 Ra2 37. g3 Rxh2 38. Ne4 Ra2 39. Nc3 Rd2+ 40. Kc5 Rc2 41. Kd4 Rxc3 42. Kxc3 Kc7 43. g4 h6 44. Kb3 g6 45. Kc4 Kc6 46. Kb4 h5 0-1

[Event "Hart House Holiday op"]
[Site "Toronto CAN"]
[Date "2009.12.18"]
[Round "1"]
[White "Armstrong, Robert J"]
[Black "Gunapalan, David"]
[Result "1/2-1/2"]
[WhiteElo "1776"]
[BlackElo "1938"]
[PlyCount "81"]
[GameId "2160767910029954"]
[EventDate "2009.12.18"]
[EventType "swiss"]
[EventRounds "5"]
[EventCountry "CAN"]
[SourceTitle "EXT 2011"]
[Source "ChessBase"]
[SourceDate "2011.11.26"]
[SourceVersion "1"]
[SourceVersionDate "2011.11.26"]
[SourceQuality "1"]

1. d4 d5 2. c4 e6 3. e3 c6 4. Nf3 Bd6 5. Bd3 f5 6. O-O Nf6 7. Nc3 Ne4 8. Ne5 O-O 9. f3 Nxc3 10. bxc3 Bxe5 11. dxe5 dxc4 12. Bxc4 Qa5 13. Qd6 Qxc3 14. Bxe6+ Bxe6 15. Qxe6+ Kh8 16. Qd6 Na6 17. Bd2 Qc5 18. Qxc5 Nxc5 19. Bb4 b6 20. Bxc5 bxc5 21. Rfc1 Rfe8 22. Rxc5 Rac8 23. Rac1 Re6 24. Rd1 Re7 25. Rd6 Rec7 26. e6 g6 27. Re5 Re7 28. Rc5 Rec7 29. e4 fxe4 30. fxe4 Kg8 31. h4 Kf8 32. g4 Ke7 33. e5 Rb7 34. a3 Rb3 35. Rd7+ Kxe6 36. Rxa7 Rg3+ 37. Kh2 Rxg4 38. Rxh7 Ra8 39. Rxc6+ Kxe5 40. Rc3 Raa4 41. Kh3 1/2-1/2

[Event "Hart House Holiday op"]
[Site "Toronto CAN"]
[Date "2009.12.18"]
[Round "1.1"]
[White "Gusev, Nikita"]
[Black "Sambuev, Bator"]
[Result "1/2-1/2"]
[WhiteElo "2134"]
[BlackElo "2624"]
[PlyCount "158"]
[GameId "2160767910029955"]
[EventDate "2009.12.18"]
[EventType "swiss"]
[EventRounds "5"]
[EventCountry "CAN"]

1. e4 c5 2. Nf3 d6 3. d4 cxd4 4. Nxd4 Nf6 5. Nc3 g6 6. Be2 Bg7 7. O-O O-O 8. Re1 Nc6 9. Nb3 a6 10. a4 Be6 11. Bg5 Rc8 12. Bf1 Nb4 13. a5 b5 14. axb6 Qxb6 15. Be3 Qb8 16. Bxa6 Nxc2 17. Qxc2 Bxb3 18. Qe2 Rc7 19. Bd4 Qb4 20. e5 Qxd4 21. Nb5 Qb6 22. Nxc7 Qxc7 23. exf6 Bxf6 24. Rac1 Qa5 25. Qb5 Qxb5 26. Bxb5 Rb8 27. Bd3 Be6 28. Re2 Rxb2 29. Rxb2 Bxb2 30. Rc7 Kf8 31. Kf1 Bd4 32. Ke2 h5 33. f3 Bg1 34. h3 h4 35. Bc4 Bf5 36. Bd3 Bxd3+ 37. Kxd3 Bh2 38. Rb7 f5 39. Rb8+ Kf7 40. Rh8 Bg3 41. Kc4 Kg7 42. Re8 Kf7 43. Rh8 Ke6 44. Ra8 d5+ 45. Kd3 Be5 46. Ra6+ Kf7 47. Ke3 g5 48. Ra7 Bh2 49. Rb7 Bg1+ 50. Kd3 Kf6 51. Rb1 Bf2 52. Rb2 Bg3 53. Re2 Be5 54. Ra2 e6 55. Ra8 Bh2 56. Rf8+ Ke5 57. Re8 Bg1 58. Re7 Bf2 59. Re8 Bc5 60. Rc8 Ba3 61. Ra8 Bc1 62. Re8 d4 63. Kc2 Ba3 64. Kd3 Bb4 65. Rd8 Bd6 66. Rg8 Be7 67. Re8 Bc5 68. Rc8 Ba3 69. Rd8 Kf4 70. Kxd4 Kg3 71. Ke5 Bc1 72. Kxe6 Kxg2 73. Kxf5 Kxh3 74. Rd1 Bf4 75. Rg1 Kh2 76. Rg4 h3 77. Ke4 Bg3 78. Rxg5 Kg2 79. Rh5 h2 1/2-1/2

[Event "Hart House Holiday op"]
[Site "Toronto CAN"]
[Date "2009.12.18"]
[Round "1.6"]
[White "Szalay, Karoly"]
[Black "Abrahams, Daniel"]
[Result "1-0"]
[WhiteElo "2346"]
[BlackElo "2034"]
[PlyCount "71"]
[GameId "2160767910029958"]
[EventDate "2009.12.18"]
[EventType "swiss"]
[EventRounds "5"]
[EventCountry "CAN"]

1. e4 c5 2. Nf3 e6 3. d4 cxd4 4. Nxd4 a6 5. Nc3 Qc7 6. Bd3 b5 7. O-O Nf6 8. a3 Bb7 9. Re1 d6 10. f4 Nbd7 11. Qf3 Be7 12. Qg3 g6 13. Be3 Nc5 14. Bf2 d5 15. e5 Nfe4 16. Nxe4 Nxe4 17. Qh3 Nxf2 18. Kxf2 Qb6 19. Qe3 Rc8 20. c3 Bc5 21. Rac1 h5 22. g3 h4 23. g4 h3 24. Kg3 Qd8 25. g5 Ke7 26. Be2 Qg8 27. Bg4 Qh7 28. Qd2 Qh4+ 29. Kf3 Bxd4 30. cxd4 Rc4 31. b3 Rhc8 32. Rg1 R4c7 33. Rxc7+ Rxc7 34. Rg3 Qh8 35. Rxh3 Qc8 36. Qb4+ 1-0

[Event "Hart House Holiday op"]
[Site "Toronto CAN"]
[Date "2009.12.18"]
[Round "1.7"]
[White "McDonald, Justin"]
[Black "Martchenko, Alexander"]
[Result "0-1"]
[WhiteElo "2013"]
[BlackElo "2340"]
[PlyCount "54"]
[GameId "2160767910029959"]
[EventDate "2009.12.18"]
[EventType "swiss"]
[EventRounds "5"]
[EventCountry "CAN"]

1. e4 c5 2. f4 g6 3. Nf3 Bg7 4. c3 d5 5. Bb5+ Bd7 6. Qb3 c4 7. Qa4 e6 8. exd5 exd5 9. b3 Nc6 10. bxc4 a6 11. Bxc6 Bxc6 12. Qb4 Ne7 13. c5 d4 14. O-O dxc3 15. Nxc3 Bxf3 16. Rxf3 O-O 17. Rb1 Nf5 18. Qc4 Rc8 19. Ne4 b5 20. Qd3 Qc7 21. Bb2 Rfd8 22. Bxg7 Rxd3 23. Be5 Qd8 24. Nf6+ Kh8 25. Rxd3 Qxd3 26. Rb3 Qe2 27. g4 Nh4 0-1

[Event "Hart House Holiday op"]
[Site "Toronto CAN"]
[Date "2009.12.18"]
[Round "1.8"]
[White "Calugar, Arthur"]
[Black "Pryor, Jamieson"]
[Result "1/2-1/2"]
[WhiteElo "2336"]
[BlackElo "1941"]
[PlyCount "84"]
[GameId "2160767910029960"]
[EventDate "2009.12.18"]
[EventType "swiss"]
[EventRounds "5"]
[EventCountry "CAN"]

1. Nf3 Nf6 2. b3 g6 3. Bb2 Bg7 4. g3 O-O 5. Bg2 d5 6. c4 c6 7. O-O Nbd7 8. d4 Ne4 9. Nbd2 f5 10. Ne5 Nxe5 11. dxe5 Nxd2 12. Qxd2 dxc4 13. Qe3 Be6 14. Rfc1 cxb3 15. axb3 Qb6 16. Bd4 Qd8 17. Bxa7 f4 18. gxf4 Bh6 19. Rd1 Qe8 20. Bh3 Bxh3 21. Qxh3 Bxf4 22. Be3 Rxa1 23. Rxa1 Qf7 24. Bxf4 Qxf4 25. Qg3 Qd4 26. Re1 Rf5 27. e6 Qd2 28. Kf1 Qd4 29. e4 Rf6 30. e5 Rf5 31. Re3 Qd5 32. h4 Qxe6 33. Ke2 Qd5 34. e6 Qb5+ 35. Ke1 Rc5 36. Qf4 Rf5 37. Qg3 Kg7 38. Qg4 Qd5 39. Qg3 Qc5 40. Kf1 Qd5 41. Kg1 Qd2 42. Kg2 Qd5+ 1/2-1/2

[Event "Hart House Holiday op"]
[Site "Toronto CAN"]
[Date "2009.12.18"]
[Round "1.9"]
[White "Wu, Kevin"]
[Black "Morrison, Kyle"]
[Result "0-1"]
[WhiteElo "1923"]
[BlackElo "2246"]
[PlyCount "74"]
[GameId "2160767910029961"]
[EventDate "2009.12.18"]
[EventType "swiss"]
[EventRounds "5"]
[EventCountry "CAN"]

1. e4 c5 2. Nf3 d6 3. d4 cxd4 4. Nxd4 Nf6 5. Nc3 a6 6. Bg5 e6 7. f4 Qb6 8. Nb3 Nbd7 9. Qf3 Be7 10. O-O-O Qc7 11. Nd4 b5 12. Bd3 b4 13. Nce2 Bb7 14. g4 Qb6 15. Rhe1 O-O 16. Qh3 Nc5 17. Bxf6 Bxf6 18. e5 Nxd3+ 19. Rxd3 dxe5 20. g5 Be7 21. fxe5 Be4 22. Rg3 Bg6 23. Qg4 Rac8 24. h4 Qa5 25. h5 b3 26. Nc3 bxa2 27. Nb3 a1=Q+ 28. Nxa1 Qxa1+ 29. Kd2 Rfd8+ 30. Ke2 Qxb2 31. hxg6 Qxc2+ 32. Kf1 Rxc3 33. gxf7+ Kxf7 34. g6+ hxg6 35. Rxc3 Qxc3 36. Re2 Qd3 37. Kg2 Bc5 0-1

[Event "Hart House Holiday op"]
[Site "Toronto CAN"]
[Date "2009.12.19"]
[Round "2"]
[White "Gladstone, Simon"]
[Black "Armstrong, Robert J"]
[Result "1-0"]
[WhiteElo "1937"]
[BlackElo "1776"]
[PlyCount "59"]
[GameId "2160767910029963"]
[EventDate "2009.12.18"]
[EventType "swiss"]
[EventRounds "5"]
[EventCountry "CAN"]
[SourceTitle "EXT 2011"]
[Source "ChessBase"]
[SourceDate "2011.11.26"]
[SourceVersion "1"]
[SourceVersionDate "2011.11.26"]
[SourceQuality "1"]

1. e4 g6 2. d4 Bg7 3. Nc3 d6 4. f4 Nf6 5. e5 Nfd7 6. Be3 O-O 7. Bc4 e6 8. Nf3 a6 9. a4 b6 10. Qe2 Bb7 11. Rd1 d5 12. Ba2 Qe7 13. g4 c5 14. h4 Nc6 15. h5 cxd4 16. Bxd4 Nxd4 17. Rxd4 f6 18. hxg6 fxe5 19. Nxd5 Bxd5 20. Rxd5 h6 21. Nxe5 Nxe5 22. Rxe5 Qb4+ 23. c3 Qxf4 24. Bxe6+ Kh8 25. Re3 Qxa4 26. Reh3 Qf4 27. Bf7 Rad8 28. Rxh6+ Bxh6 29. Rxh6+ Kg7 30. Rh7+ 1-0

[Event "Hart House Holiday op"]
[Site "Toronto CAN"]
[Date "2009.12.19"]
[Round "2"]
[White "Sambuev, Bator"]
[Black "Wiebe, Daniel"]
[Result "1-0"]
[WhiteElo "2624"]
[BlackElo "1934"]
[PlyCount "91"]
[GameId "2160767910029964"]
[EventDate "2009.12.18"]
[EventType "swiss"]
[EventRounds "5"]
[EventCountry "CAN"]
[SourceTitle "EXT 2011"]
[Source "ChessBase"]
[SourceDate "2011.11.26"]
[SourceVersion "1"]
[SourceVersionDate "2011.11.26"]
[SourceQuality "1"]

1. e4 c5 2. Nf3 d6 3. d4 cxd4 4. Nxd4 Nf6 5. Nc3 a6 6. Bc4 e6 7. Bb3 Qc7 8. Bg5 Be7 9. f4 Nc6 10. f5 Nxd4 11. Qxd4 O-O 12. fxe6 Bxe6 13. O-O-O Bxb3 14. cxb3 Rac8 15. Kb1 Rfe8 16. Qd3 Qc5 17. Bxf6 Bxf6 18. Nd5 Qf2 19. Rd2 Qh4 20. Re2 Be5 21. g3 Qg5 22. a3 Rc6 23. Ka2 Rec8 24. Rf1 Rc1 25. Rxc1 Rxc1 26. Rc2 Rxc2 27. Qxc2 Qd8 28. Qc4 Kf8 29. b4 h5 30. b5 axb5 31. Qxb5 Qc8 32. a4 g5 33. Ne3 Qc5 34. Qxc5 dxc5 35. Kb3 g4 36. Nf5 Ke8 37. Kc4 b6 38. b3 Kd8 39. Kd5 f6 40. Ng7 Bxg3 41. hxg3 h4 42. gxh4 g3 43. Ne6+ Ke7 44. Nf4 Kf7 45. Kc6 f5 46. e5 1-0

[Event "Hart House Holiday op"]
[Site "Toronto CAN"]
[Date "2009.12.19"]
[Round "2.5"]
[White "Southam, David"]
[Black "Szalay, Karoly"]
[Result "1/2-1/2"]
[WhiteElo "2163"]
[BlackElo "2346"]
[PlyCount "87"]
[GameId "2160767910029967"]
[EventDate "2009.12.18"]
[EventType "swiss"]
[EventRounds "5"]
[EventCountry "CAN"]

1. d4 d5 2. Nf3 c6 3. c4 Nf6 4. e3 e6 5. Nc3 Nbd7 6. Bd3 Bd6 7. O-O O-O 8. e4 dxc4 9. Bxc4 e5 10. dxe5 Nxe5 11. Nxe5 Bxe5 12. Qxd8 Rxd8 13. f3 b5 14. Be2 Bd4+ 15. Kh1 b4 16. Nd1 Be6 17. Ne3 a5 18. Nf5 Bxf5 19. exf5 Nd5 20. Rb1 Re8 21. Bc4 Nb6 22. Bd3 Na4 23. g4 h6 24. b3 Nc3 25. Rb2 Rad8 26. Rg2 Bb6 27. Bc4 Rd1 28. Rxd1 Nxd1 29. Bd2 Nf2+ 30. Kg1 Rd8 31. Be1 Nxg4+ 32. Kh1 Ne3 33. Re2 Rd1 34. h4 Kf8 35. Kh2 Bc7+ 36. Kh3 Nxc4 37. bxc4 Rc1 38. f6 Bd8 39. Re8+ Kxe8 40. fxg7 Rxe1 41. g8=Q+ Ke7 42. Qh7 Re6 43. Qc2 Bc7 44. Qf2 1/2-1/2

[Event "Hart House Holiday op"]
[Site "Toronto CAN"]
[Date "2009.12.19"]
[Round "2.7"]
[White "Nicholson, Matthew"]
[Black "Calugar, Arthur"]
[Result "0-1"]
[WhiteElo "1900"]
[BlackElo "2336"]
[PlyCount "80"]
[GameId "2160767910029968"]
[EventDate "2009.12.18"]
[EventType "swiss"]
[EventRounds "5"]
[EventCountry "CAN"]

1. e4 c5 2. Nf3 Nc6 3. d4 cxd4 4. Nxd4 e6 5. Nc3 Qc7 6. Be3 a6 7. Be2 Nf6 8. f4 Bb4 9. Bf3 Na5 10. Nde2 Nc4 11. Qd4 Ba5 12. b3 Nxe3 13. Qxe3 d6 14. O-O-O Bb4 15. Na4 O-O 16. Qb6 Ba3+ 17. Kb1 Qe7 18. Qa5 Rb8 19. Nb6 Bc5 20. b4 Bxb6 21. Qxb6 Ne8 22. Qa7 Qc7 23. Rd3 Bd7 24. Rhd1 Bc6 25. Qd4 Rd8 26. Qe3 Nf6 27. g4 d5 28. e5 Nd7 29. Ng3 Nb6 30. Nh5 Nc4 31. Qf2 Qe7 32. g5 Qxb4+ 33. Rb3 Qa5 34. Qh4 Nd2+ 35. Rxd2 Qxd2 36. Nf6+ gxf6 37. gxf6 Kh8 38. Be4 Qd1+ 39. Kb2 Qd4+ 40. Kb1 Qxe4 0-1